'C' Movies - Statistics

General Stats
  • This quiz has been taken 102 times
  • The average score is 10 of 16
Answer Stats
Picture Answer % Correct
Cars
100%
Captain America: The First Avenger
95%
Child's Play
91%
Cinderella
86%
Casablanca
77%
Cast Away
76%
Casino Royale
74%
The Croods
69%
Carrie
65%
Crocodile Dundee
65%
Chitty Chitty Bang Bang
51%
Caddyshack
46%
The Cable Guy
43%
The Cabin in the Woods
36%
Cowboys and Aliens
32%
The Call of the Wild
16%
No matching quizzes found
Score Distribution
Percent of People with Each Score
Percentile by Number Answered
Your Score History
You have not taken this quiz